Geography Quiz

Random Geography or City Quiz

Standalone AP Cities Quiz Stats

 Plays Quiz Updated Mar 16, 2012

Challenge
Share
Tweet
Embed
Score 0/79 Timer 12:00
1 Play Today
% Correct
New York
97.4%
Los Angeles
93.7%
London
92.4%
Paris
92%
Chicago
90.1%
San Francisco
89.7%
Boston
89.2%
Dallas
88.4%
Miami
88%
Houston
85.3%
Seattle
85%
Tokyo
83.6%
Atlanta
83.2%
Rome
83.1%
Washington
82.8%
San Diego
82.3%
Moscow
81.4%
Berlin
80.7%
Beijing
80.4%
Philadelphia
79.9%
Madrid
78.5%
Denver
77.2%
Detroit
76.4%
Sydney
74.4%
Phoenix
73.5%
New Orleans
72.3%
Cleveland
71.7%
Mexico City
71.6%
Cairo
71.1%
St. Louis
69.3%
Pittsburgh
68%
Las Vegas
67.7%
Cincinnati
67.6%
San Antonio
67.3%
Baltimore
67.2%
Minneapolis
66.7%
Dublin
64.2%
Indianapolis
62.2%
Amsterdam
62.2%
Toronto
60.2%
% Correct
Rio de Janeiro
56.8%
Baghdad
55.8%
Shanghai
54%
Stockholm
53.7%
Jerusalem
53.6%
Oklahoma City
53.5%
Montreal
51.4%
Hong Kong
51.3%
Milwaukee
50.5%
Honolulu
49.8%
Istanbul
49.8%
Brussels
49.5%
Vienna
49.4%
New Delhi
49.3%
Munich
48.8%
Johannesburg
48.5%
Salt Lake City
47.7%
Helsinki
43.3%
Prague
43.1%
Milan
42.5%
Havana
41.6%
Singapore
41.3%
Bangkok
40.6%
Vatican City
40.4%
São Paulo
37.3%
Zurich
34.3%
Geneva
30%
Panama City
29.2%
Monaco
26.5%
Islamabad
24.9%
Beirut
23%
Luxembourg
21.1%
Quebec City
20.6%
Kuwait City
19.9%
Guatemala City
19.2%
San Marino
16.5%
Djibouti
10%
Macau
8.8%
Gibraltar
4.6%

You're not logged in!

Compare scores with friends on all Sporcle quizzes.
Join for Free
OR
Log In

You Might Also Like...

Show Comments

Extras

Top Quizzes Today


Score Distribution

Your Account Isn't Verified!

In order to create a playlist on Sporcle, you need to verify the email address you used during registration. Go to your Sporcle Settings to finish the process.

Report this User

Report this user for behavior that violates our Community Guidelines.

Details: